000 00578cam a22001097a 4500
008 180718b-- xxu||||| |||| 00| 0 eng d
082 _aT068x54 In2
245 _aTime disposition, wage rate and attitude towards employment opportunities outside village for the weaker sections of the rural population of India: national sample survey
_cby National Sample Survey Organisation. Department of Statistics, Ministry of Planning
260 _aNew Delhi
_b
_c--
300 _a223 no. v.p.
700 _aIndia. National Sample Survey Organisation. Department of Statistics. Ministry of Planning
999 _c497127
_d497127